000 00820nmc a2200265 a 4500
003 AR-BaBNM
005 20251128210820.0
008 261020s[200 ||||||||||||||000 | spa||
020 _a950-16-5211-4
040 _cAR-BaBNM
245 1 0 _aSer humano. Programa Troquel de Educación Integral
260 _aBuenos Aires
_bTroquel
_c[2000?]
300 0 _a32 p.
_bil., tablas
490 0 _aSer humano. Programa Troquel de Educación Integral
500 0 _aPresentación del Programa Troquel de Educación Integral
650 4 _aACTIVIDADES DE APRENDIZAJE
650 4 _aPROYECTOS
650 4 _aDESARROLLO DE LA PERSONALIDAD
653 0 _aEDUCACION EN VALORES
653 0 _aTEMAS TRANSVERSALES
653 0 _aESTRATEGIAS DIDACTICAS
653 0 _aEDUCACION PARA LA CONVIVENCIA
942 _cBK
998 _cRaquel
999 _c17044
_d17044